Emerging trends in corporate management / (Record no. 76944)

MARC details
000 -LEADER
fixed length control field 00628nam a22002057a 4500
005 - DATE AND TIME OF LATEST TRANSACTION
control field 20130625115957.0
010 ## - LCCN (DPL NO)
LC control number ENG-107734
020 ## - INTERNATIONAL STANDARD BOOK NUMBER
International Standard Book Number 9788186727075
Terms of availability 1195.00
035 ## - SYSTEM CONTROL NUMBER
System control number EN-91267
037 ## - SOURCE OF ACQUISITION
Source of stock number/acquisition DBAD/PUB
245 ## - TITLE STATEMENT
Title Emerging trends in corporate management /
Statement of responsibility, etc edited by S.L. Gupta, G.S. Batra [and] A.K. Vashist
260 ## - PUBLICATION, DISTRIBUTION, ETC. (IMPRINT)
Place of publication, distribution, etc Haryana
Name of publisher, distributor, etc Nirmal Book Agency
Date of publication, distribution, etc 2012
270 ## - ADDRESS
Address Opp. Kurukshetra University IIIrd Gate,
City Kurukshetra
Postal code 136119
300 ## - PHYSICAL DESCRIPTION
Extent xiii,378p.
Dimensions 24cm(Hb)
500 ## - GENERAL NOTE
General note Includes references
700 ## - ADDED ENTRY--PERSONAL NAME
Personal name Gupta, S.L.
700 ## - ADDED ENTRY--PERSONAL NAME
Personal name Batra, G.S.
700 ## - ADDED ENTRY--PERSONAL NAME
Personal name Vashist, A.K.
942 ## - ADDED ENTRY ELEMENTS (KOHA)
Source of classification or shelving scheme Dewey Decimal Classification
Item type English Books
Call number suffix EME
Holdings
Withdrawn status Lost status Not for loan Collection code Home library Current library Date acquired Source of acquisition Cost, normal purchase price Full call number Barcode Copy number Cost, replacement price Koha item type
    Not For Loan Non-fiction D.B.Act.Division D.B.Act.Division 25/06/2013 DBAD/PUB 1195.00 EME EN-91267 1 1195.00 English Books

© Delhi Public Library
Hit Counter
free hit counter